Φορτώνει......

Data structures Principles and fundamentals /

Λεπτομέρειες βιβλιογραφικής εγγραφής
Κύριος συγγραφέας: Keogh, James
Άλλοι συγγραφείς: Davidson , Ken
Γλώσσα:Undetermined
Έκδοση: New Delhi : Dreamtec , 2004.
Θέματα:
LEADER 00619nam a2200181Ia 4500
001 140504
008 170722s9999 xx 000 0 und d
020 |a 8177224808 
100 |a Keogh, James 
245 |a Data structures  |b Principles and fundamentals / 
260 |a New Delhi :  |b Dreamtec ,  |c 2004. 
300 |a p.xi+277 
653 |a Data Structures 
700 |a Davidson , Ken 
923 |d 20041025  |n TY/115 
942 |c GEN 
999 |c 130141  |d 130141 
952 |0 0  |1 0  |4 0  |6 D_6513_000000000000000_P4  |7 0  |9 183848  |a LIB  |b LIB  |d 2013-03-25  |e TBS Publishers&Distributors  |l 2  |o D6513 P4  |p 255627  |r 2018-05-30  |s 2018-05-05  |v 159.00  |w 2017-08-12  |y GEN